00966nam a2200253 i 4500001000300000245021700003246007700220260003500297300002800332500004600360650001500406650001400421700002700435700003100462700002600493040000800519041000800527044000800535080001200543080001200555080000600567008004100573856009800614bg00aForscher und Erfinder aus Naturwissenschaft und Technik im Deutschen Museum =bResearchers and inventors of science and technology in the German Museum /c[tł. Timothy Nevill, Jean-Jacques Leray, Luis Martinez]. aResearchers and inventors of science and technology in the German Museum aBonn :bInter Nationes,c1985. a136 s. :bil. ;c28 cm. aTyt. także w jęz. ang., franc., hisz. 9aWynalazki. 9aOdkrycia.1 aNevill, Timothy.eTł.1 aLeray, Jean-Jacques.eTł.1 aMartinez, Luis.eTł. cBPK0 ager aDEU a001.894 a929-052 a5130116s pl a f |000 0 pol  uhttp://koha.tu.koszalin.pl/cgi-bin/koha/opac-detail.pl?biblionumber=53889yKatalog online BPK